The Ecology of the seas / (Record no. 15670)

000 -LEADER
fixed length control field 00438nam a2200169 i 4500
020 ## - INTERNATIONAL STANDARD BOOK NUMBER
ISBN 0721628125
040 ## - CATALOGING SOURCE
Transcribing agency DLC
082 00 - DEWEY DECIMAL CLASSIFICATION NUMBER
Classification number 574 SAU 1976 A080 Or.
245 04 - TITLE STATEMENT
Title The Ecology of the seas /
260 ## - PUBLICATION, DISTRIBUTION, ETC. (IMPRINT)
Place of publication Philadelphia :
Name of publisher W. B. Saunders Co.,
Year of publication c1976.
300 ## - PHYSICAL DESCRIPTION
Number of Pages x, 467 p. :
Other physical details ill. ;
Dimensions 25 cm.
500 ## - GENERAL NOTE
General note Includes indexes.
650 #0 - SUBJECT ADDED ENTRY--TOPICAL TERM
Topical Term Marine ecology.
700 1# - ADDED ENTRY--PERSONAL NAME
Personal name Cushing, D. H.
700 1# - ADDED ENTRY--PERSONAL NAME
Personal name Walsh, John Joseph,
942 ## - ADDED ENTRY ELEMENTS (KOHA)
Koha item type សៀវភៅភាសាអង់គ្លេស
952 ## - LOCATION AND ITEM INFORMATION (KOHA)
Withdrawn status [LOCAL, KOHA] 0
Holdings
Permanent Location Date acquired Koha item type Lost status Shelving location Barcode Current Location Full call number
Library Block A2017-12-05សៀវភៅភាសាអង់គ្លេស A080A09072Library Block A574 SAU 1976 A080 Or.
មជ្ឈមណ្ឌលឯការនៃសាកលវិទ្យាល័យភូមិន្ទកសិកម្មចំការដូង

Powered by Koha